Culture Générale - Série 1805 - Statistiques

Statistiques générales
  • Ce quiz a été pris 186 fois
  • Le résultat moyen est 4 sur 10
Statistiques - réponses
Question Réponse % Correct
Quel animal est l'emblème du WWF (Fonds mondial pour la nature) ? panda
92%
Quel mot de 8 lettres commençant par "a" signifie "récit d'un détail historique, d'un petit fait curieux" ? anecdote
71%
Dans quel pays européen se trouve la région d'Epire ? Grèce
55%
Quelle est la capitale de la Sierra Leone ? Freetown
53%
Qu'est-ce qu'une épeire ? araignée
46%
Quel petit fleuve traverse les villes de Saint-Omer et Gravelines ? aa
37%
Quelle actrice, chanteuse et femme politique grecque s'est marié en 1966 au cinéaste Jules Dassin ? Melina Mercouri
28%
Quel est le titre du film réalisé en 2004 par Gilles Legrand, avec Jacques Villeret, inspiré du crash d'un avion indien en 1950 dans le massif du Mont-Blanc ? Malabar Princess
17%
Quelle ville en Turquie, actuellement en ruines, était en l'an 961 la capitale de l'Arménie ? Ani
4%
Comment se nomme le vent qui souffle sur la mer Adriatique, la mer Noire, la Grèce et la Turquie ? bora
3%
Aucun quiz correspondant
Distribution des résultats
% des personnes avec chaque résultat
Percentile par nombre de réponses
Votre historique - résultats
Vous n’avez pas pris ce quiz